<?xml version="1.0" encoding="UTF-8"?>
<collection xmlns="http://www.loc.gov/MARC21/slim">
 <record>
  <leader>01516nam a2200193Ia 4500</leader>
  <controlfield tag="001">CTU_37702</controlfield>
  <controlfield tag="008">210402s9999    xx            000 0 und d</controlfield>
  <datafield tag="020" ind1=" " ind2=" ">
   <subfield code="b">404.000đ</subfield>
  </datafield>
  <datafield tag="082" ind1=" " ind2=" ">
   <subfield code="a">363.7</subfield>
  </datafield>
  <datafield tag="082" ind1=" " ind2=" ">
   <subfield code="b">E61</subfield>
  </datafield>
  <datafield tag="245" ind1=" " ind2="0">
   <subfield code="a">Environmental risks and the media</subfield>
  </datafield>
  <datafield tag="245" ind1=" " ind2="0">
   <subfield code="c">Edited by Stuart Allan, Barbara Adam, Cynthia Carter</subfield>
  </datafield>
  <datafield tag="260" ind1=" " ind2=" ">
   <subfield code="a">London</subfield>
  </datafield>
  <datafield tag="260" ind1=" " ind2=" ">
   <subfield code="b">Rouledge</subfield>
  </datafield>
  <datafield tag="260" ind1=" " ind2=" ">
   <subfield code="c">2000</subfield>
  </datafield>
  <datafield tag="520" ind1=" " ind2=" ">
   <subfield code="a">Environmental Risks and the Media explores the ways in which environmental risks, threats and hazards are represented, transformed and contested by the media. At a time when popular conceptions of the environment as a stable, &quot;natural&quot; world with which humanity interferes are becoming increasingly contested, the media's methods of encouraging audiences to think about environmental risks--from the &quot;mad cow&quot; crisis to global warming--are becoming more and more controversial. Examining large-scale disasters as well as &quot;everyday&quot; hazards, the contributors consider the tensions between entertainment and information in media coverage of the environment. The issues explored include: how the media frame &quot;expert,&quot; &quot;counter-expert&quot; and &quot;lay public&quot; definitions of environmental risk; the role played by environmental pressure groups like Greenpeace in shaping media coverage; and the media's emphasis on spectacular events at the expense of issue-sensitive reporting.</subfield>
  </datafield>
  <datafield tag="650" ind1=" " ind2=" ">
   <subfield code="a">Environmental protection</subfield>
  </datafield>
  <datafield tag="904" ind1=" " ind2=" ">
   <subfield code="i">Nguyễn Quang Điền, 000810</subfield>
  </datafield>
  <datafield tag="980" ind1=" " ind2=" ">
   <subfield code="a">Trung tâm Học liệu Trường Đại học Cần Thơ</subfield>
  </datafield>
 </record>
</collection>
